Nghệ thuật ứng xử và mã số thành công
Trình bày những nguyên tắc ứng xử qua các thời đại, kiến thức cơ bản về thế giới tâm linh con người; Phương pháp ứng xử được khái quát thành 25 bài học với những ví dụ minh hoạ sinh động.
Na minha lista:
| Autor principal: | |
|---|---|
| Formato: | Livro |
| Idioma: | Vietnamese |
| Publicado em: |
H.
Đại học Sư phạm
2013
|
| Edição: | Tái bản lần thứ nhất, có chỉnh lí, bổ sung |
| Assuntos: | |
| Tags: |
Adicionar Tag
Sem tags, seja o primeiro a adicionar uma tag!
|
| Thư viện lưu trữ: | Mạng thư viện Đại học Đà Nẵng |
|---|
| LEADER | 01480nam a2200373 4500 | ||
|---|---|---|---|
| 001 | 000024148 | ||
| 003 | 20627 | ||
| 005 | 20161018081021.0 | ||
| 008 | 161014s2013 viesd | ||
| 020 | |c 33000đ | ||
| 041 | 0 | |a vie | |
| 082 | 1 | 4 | |a 153.6 |b NG-K |
| 100 | 1 | |a Nguyễn Công Khanh | |
| 245 | 1 | 0 | |a Nghệ thuật ứng xử và mã số thành công |c Nguyễn Công Khanh |
| 250 | |a Tái bản lần thứ nhất, có chỉnh lí, bổ sung | ||
| 260 | |a H. |b Đại học Sư phạm |c 2013 | ||
| 300 | |a 192 tr. |c 24 cm. | ||
| 504 | |a Thư mục: tr. 189-191 | ||
| 520 | 3 | |a Trình bày những nguyên tắc ứng xử qua các thời đại, kiến thức cơ bản về thế giới tâm linh con người; Phương pháp ứng xử được khái quát thành 25 bài học với những ví dụ minh hoạ sinh động. | |
| 650 | 0 | 4 | |a Giao tiếp giữa cá nhân |
| 650 | 0 | 4 | |a Thành công của cá nhân |
| 653 | |a Bí quyết thành công | ||
| 653 | |a Xử thế | ||
| 653 | |a Kỹ năng sống | ||
| OWN | |a LSP | ||
| AVA | |a UDN50 |b LSP |d 153.6 NG-K |e available |t Error 5001 Not defined in file expand_doc_bib_avail. |f 5 |g 0 |h N |i 0 |k 1 | ||
| 999 | |a From the UDN01 | ||
| AVA | |a UDN50 |b LSP |d 153.6 NG-K |e available |t Error 5001 Not defined in file expand_doc_bib_avail. |f 5 |g 0 |h N |i 0 |k 1 | ||
| TYP | |a Monograph | ||
| TYP | |a Printed language | ||
| 980 | |a Mạng thư viện Đại học Đà Nẵng | ||